00633nam a2200169 a 450000500170000000800410001702000180005805000220007610000220009824500820012026000610020230000220026344000240028565000220030999900190033195201130035020140412111259.0010420s19uu xx 00 eng d a971-121-090-8 aFil 921bB48 1988 aBigornia, Mike L. aJose Rizal: ang martir sa Bagumbayan /cMike L. Bigornia & Ibarra Crisostomo. aManila, Philippines :bAdarna Book Services, Inc,c1988. a1v. (unp.) ; ill. aAklat Adarna Bayani aPhilippine heroes c103303d103303 001040aELbELcFILd2001-04-20eLib. Fundl0oFil 921 B48 1988pE4408r2014-04-12 00:00:00w2014-04-12yBK